|
|
|
|
| LEADER |
01829nam a2200337 a 4500 |
| 001 |
18164 |
| 003 |
BD-DhAAL |
| 008 |
090527s2004 nyua b 001 0 eng d |
| 010 |
|
|
|a 2003053217
|
| 020 |
|
|
|a 9780521811859 (hbk)
|
| 020 |
|
|
|a 9780521010696 (pbk)
|
| 020 |
|
|
|a 0521811856
|
| 020 |
|
|
|a 0521010691 (pb.)
|
| 040 |
|
|
|a DLC
|c DLC
|d DLC
|d BD-DhAAL
|
| 082 |
0 |
0 |
|a 530.11
|2 21
|
| 100 |
1 |
|
|a Stephani, Hans.
|9 57607
|
| 245 |
1 |
0 |
|a Relativity :
|b an introduction to special and general relativity /
|c Hans Stephani.
|
| 250 |
|
|
|a Third edition.
|
| 260 |
|
|
|a New York :
|b Cambridge University Press,
|c 2004.
|
| 300 |
|
|
|a xx, 396 p. :
|b ill. ;
|c 24 cm
|
| 500 |
|
|
|a Rev. ed. of: General relativity. 2nd ed. 1990.
|
| 504 |
|
|
|a Includes bibliographical references and index.
|
| 526 |
|
|
|a MNS
|x Mahabobe Shobahani
Faculty Member of BRAC University
Course Name : Classical Mechanics and Special Theory of Relativity (PHY 204)
|
| 541 |
1 |
|
|e 18164, 18165
|a D. S. Books International
|
| 650 |
|
0 |
|a Gravitational fields.
|9 57608
|
| 650 |
|
0 |
|a General relativity (Physics)
|
| 852 |
4 |
|
|a Ayesha Abed Library
|c General Stacks
|
| 942 |
|
|
|2 ddc
|c BK
|
| 999 |
|
|
|c 1130
|d 1130
|
| 952 |
|
|
|0 0
|1 0
|2 ddc
|4 0
|6 530_110000000000000_STE_2004
|7 0
|9 1020
|a BRACUL
|b BRACUL
|c GEN
|d 2009-06-24
|e D. S. Books International
|g 9207.00
|l 7
|m 22
|o 530.11 STE
|p 3010018165
|r 2026-01-14
|s 2026-01-14
|t 2
|w 2009-06-24
|y BK
|x Requisitioned by Mahabobe Shobahani for the course named- "Classical Mechanics and Special Theory of Relativity (PHY 204)" ; USD 83.70
|
| 952 |
|
|
|0 0
|1 0
|2 ddc
|4 0
|6 530_110000000000000_STE_2004
|7 0
|9 13659
|a BRACUL
|b BRACUL
|c GEN
|d 2010-12-19
|e D. S. Books International
|l 3
|o 530.11 STE
|p 3010018164
|r 2026-01-14
|s 2026-01-14
|t 1
|w 2010-12-19
|y BK
|x Requisitioned by Mahabobe Shobahani for the course named- "Classical Mechanics and Special Theory of Relativity (PHY 204)" ; USD 83.70
|